WLAN - Statistiken

Allgemein
  • Dieses Quiz wurde 24 mal gespielt
  • Das Durchschnittsergebnis liegt bei 10 aus 15
Antwortstatistiken
Frage Antwort % Korrekt
Welcher Frequenzbereich wird standardmäßig neben 5 GHz am häufigsten für WLAN genutzt? 2,4 GHz
100%
Was bedeutet die Abkürzung WLAN ausgeschrieben? Wireless Local Area Network
87%
Unter welcher IEEE-Standardnummer wird WLAN technisch definiert? 802.11
83%
Welches Material schirmt WLAN-Signale in Gebäuden am stärksten ab? Stahlbeton und Metall
83%
Welche Funktion hat ein 'Repeater' im WLAN? Vergrößerung der Reichweite des Funksignals
83%
Was ist die Hauptaufgabe eines WLAN-Access-Points? Bereitstellung einer Schnittstelle zwischen Kabelnetz und Funknetz
78%
Welchen Vorteil bietet das 5-GHz-Band gegenüber dem 2,4-GHz-Band? Höhere Datenübertragungsrate
78%
Warum sollte man WPS (Wi-Fi Protected Setup) per PIN-Eingabe deaktivieren? Es stellt ein Sicherheitsrisiko dar
74%
Was passiert beim sogenannten Kanalüberlappung? Gegenseitige Störungen benachbarter Netzwerke
70%
Was versteht man unter 'Dualband'-Routern? Router, die gleichzeitig auf 2,4 GHz und 5 GHz sendet
65%
Was beschreibt der Begriff 'SSID'? Der Name des Funknetzwerks
52%
Wie hoch ist die theoretische Bruttodatenrate von Wi-Fi 5 (802.11ac) in der Spitze pro Stream? 433 Mbit/s
48%
Welche Marketing-Bezeichnung wird für den Standard 802.11ax verwendet? Wi-Fi 6
39%
Welches Verschlüsselungsprotokoll gilt aktuell (Stand 2024) als das sicherste für private WLAN-Netzwerke? WPA3
39%
Was bewirkt die 'MIMO'-Technologie bei modernen WLAN-Routern? Nutzung mehrere Antennen zur parallelen Datenübertragung
22%
Keine übereinstimmenden Quizze gefunden
Verteilung der Resultate
Anzahl Personen mit jedem Resultat
Perzentil nach korrekt beantworteten Fragen
Ihre Resultats-Entwicklung
Sie haben dieses Quiz noch nicht gespielt